[Event "RUS-ch Higher League (Women) 72nd"]
[Site "Obninsk"]
[Date "2022.06.30"]
[Round "5"]
[White "Zhapova, Yana"]
[Black "Paramzina, Anastasya"]
[Result "1-0"]
[WhiteElo "2204"]
[BlackElo "2256"]
[PlyCount "103"]
[EventDate "2022.06.26"]
[EventType "swiss"]
[EventRounds "9"]
[EventCountry "RUS"]
[SourceTitle "CBM 209 Extra"]
[Source "ChessBase"]
[SourceDate "2022.09.30"]
[SourceVersion "1"]
[SourceVersionDate "2022.09.30"]
[SourceQuality "1"]

1. e4 c5 2. Nf3 d6 3. d4 cxd4 4. Nxd4 Nf6 5. Nc3 a6 6. g3 e5 7. Nde2 Be7 8. Bg2 b5 9. Nd5 Nbd7 10. Nec3 Bb7 11. a4 Nxd5 12. Nxd5 Bxd5 13. Qxd5 b4 14. a5 0-0 15. 0-0 Rb8 16. Bd2 Rb5 17. Qc4 Qb8 18. Rfc1 Rc8 19. Qe2 Qb7 20. Qe1 Nf6 21. Bf1 Rbc5 22. Bd3 d5 23. Bxb4 R5c7 24. Bxe7 Rxe7 25. exd5 e4 26. d6 Re6 27. Bf1 Rxd6 28. b4 h5 29. c4 Re8 30. Ra3 Ng4 31. Be2 Ne5 32. b5 Rh6 33. h4 f5 34. Qd2 Qc8 35. b6 f4 36. Qxf4 Rf6 37. Qxe4 Nf3+ 38. Bxf3 Rxe4 39. Bxe4 Qc5 40. Bd5+ Kh7 41. Rf3 Rd6 42. Rd1 Kh6 43. b7 Rd8 44. Rb1 Rb8 45. Rb6+ Kh7 46. Rxa6 Qb4 47. Rf7 Qb1+ 48. Kg2 Rh8 49. Rb6 Qe1 50. b8Q Rxb8 51. Rxb8 Qxa5 52. Be4+ 1-0

[Event "Wch Blitz (Women)"]
[Site "Warsaw"]
[Date "2021.12.30"]
[Round "10"]
[White "Smirnova, Ekaterina"]
[Black "Paramzina, Anastasya"]
[Result "0-1"]
[WhiteElo "2196"]
[BlackElo "2260"]
[PlyCount "54"]
[EventDate "2021.12.29"]
[EventType "swiss (blitz)"]
[EventRounds "17"]
[EventCountry "POL"]
[SourceTitle "CBM 205 Extra"]
[Source "ChessBase"]
[SourceDate "2022.01.31"]
[SourceVersion "1"]
[SourceVersionDate "2022.01.31"]
[SourceQuality "1"]

1. d4 Nf6 2. c4 g6 3. Nc3 d5 4. Bd2 dxc4 5. e3 c5 6. dxc5 Nbd7 7. Bxc4 Nxc5 8. Qe2 Bg7 9. Nf3 0-0 10. 0-0 Bf5 11. Nd4 Bg4 12. f3 Bd7 13. Rfd1 e5 14. Nb3 Nxb3 15. Bxb3 Qe7 16. e4 Rfd8 17. Be3 b6 18. Nd5 Nxd5 19. Bxd5 Rac8 20. Rac1 Be6 21. Bxe6 Qxe6 22. b3 Bf8 23. Rxd8 Rxd8 24. Qc4 Qd7 25. a4 Ba3 26. Re1 Qd3 27. Qc7 Bb4 0-1